000 00893nam a2200253 i 4500
001 87774
003 ES-MaACL
005 20230906175734.0
007 t|
008 041223s1970 ag ||||1| spa d
100 1 _aLacan, Jacques.
_969324
245 1 4 _aLas formaciones del inconsciente
_b: ; seguido de El deseo y su interpretación /
_cJacques Lacan ; textos introductorios de Charles Melman, Jan Miel y Jean Reboul ; selección de Oscar Masotta.
260 _aBuenos Aires :
_bNueva Visión,
_c[1970]
300 _a173 p. ;
_c20 cm.
490 1 _aLenguaje y comunicación
700 1 _aMelman, Charles.
_980007
700 1 _aMiel, Jan.
_980959
700 1 _aReboul, Jean.
_995724
700 1 _aMasotta, Oscar.
_978769
740 3 _aEl deseo y su interpretación.
830 0 _aLenguaje y comunicación
_9231801
852 _aES-MaACL
_jE-8641
_bR.92996
999 _c87774
_d87774